Computer Networks (Record no. 195023)
[ view plain ]
| 000 -LEADER | |
|---|---|
| fixed length control field | 00533nam a2200193Ia 4500 |
| 005 - DATE AND TIME OF LATEST TRANSACTION | |
| control field | 20260531145103.0 |
| 008 - FIXED-LENGTH DATA ELEMENTS--GENERAL INFORMATION | |
| fixed length control field | 260531s9999 xx 000 0 und d |
| 020 ## - INTERNATIONAL STANDARD BOOK NUMBER | |
| International Standard Book Number | 9780073523262 |
| 041 ## - LANGUAGE CODE | |
| Language code of text/sound track or separate title | English |
| 082 ## - DEWEY DECIMAL CLASSIFICATION NUMBER | |
| Classification number | 681.3.23 FOR |
| 100 ## - MAIN ENTRY--PERSONAL NAME | |
| Personal name | Forouzan (Behrouz A) |
| 245 #0 - TITLE STATEMENT | |
| Title | Computer Networks |
| Remainder of title | A Top-Down Approach |
| 260 ## - PUBLICATION, DISTRIBUTION, ETC. | |
| Name of publisher, distributor, etc. | Mcgraw Hill Connect Learn Succeed |
| Place of publication, distribution, etc. | New york |
| Date of publication, distribution, etc. | 2012 |
| 300 ## - PHYSICAL DESCRIPTION | |
| Other physical details | Paper Back |
| Extent | 931+23 |
| 563 ## - BINDING INFORMATION | |
| Binding note | Paper Back |
| 650 ## - SUBJECT ADDED ENTRY--TOPICAL TERM | |
| Topical term or geographic name entry element | Computer Networks |
| 700 ## - ADDED ENTRY--PERSONAL NAME | |
| Personal name | Mosharraf (Firouz) |
| 942 ## - ADDED ENTRY ELEMENTS (KOHA) | |
| Koha item type | Books |
| Withdrawn status | Lost status | Damaged status | Not for loan | Home library | Current library | Shelving location | Date acquired | Total Checkouts | Full call number | Barcode | Date last seen | Price effective from | Koha item type | Public note |
|---|---|---|---|---|---|---|---|---|---|---|---|---|---|---|
| Kumaraguru College of Technology | Kumaraguru College of Technology | MGCL Shelf No 625-630 | 2026-04-29 | 681.3.23 FOR | Z 19189 | 2026-05-31 | 2026-05-31 | Books | CSE |